[Event "Level op-A 8th"]
[Site "Level"]
[Date "2022.09.11"]
[Round "6"]
[White "Onodi, Miklos"]
[Black "Varga, Peter"]
[Result "0-1"]
[WhiteElo "1731"]
[BlackElo "2371"]
[PlyCount "84"]
[EventDate "2022.09.09"]
[EventType "swiss"]
[EventRounds "7"]
[EventCountry "HUN"]
[SourceTitle "EXT 2023"]
[Source "ChessBase"]
[SourceDate "2022.10.05"]
[SourceVersion "1"]
[SourceVersionDate "2022.10.05"]
[SourceQuality "1"]

1. d4 d5 2. Nf3 Nf6 3. g3 Bg4 4. Bg2 c6 5. c4 e6 6. Nc3 Nbd7 7. Qb3 Qb6 8. c5 Qc7 9. Bf4 Qc8 10. 0-0 b6 11. cxb6 axb6 12. Ne5 Nxe5 13. Bxe5 Nd7 14. Rac1 Qa6 15. e4 Nxe5 16. dxe5 d4 17. Nb1 Bc5 18. a3 Be2 19. Rfe1 0-0 20. Qc2 d3 21. Qd2 Bd4 22. Nc3 Bh5 23. Bf1 Rfd8 24. Kg2 Bxe5 25. Re3 c5 26. Rxd3 Rxd3 27. Qxd3 Qxd3 28. Bxd3 Rd8 29. Bb1 g5 30. b4 cxb4 31. axb4 Rd2 32. Na4 Bd4 33. Rc2 Rd1 34. Ba2 Rd3 35. Bc4 Bf3+ 36. Kh3 Ra3 37. Ra2 Rxa2 38. Bxa2 h5 39. e5 Bxe5 40. Nxb6 Bf6 41. Bxe6 g4+ 42. Bxg4 hxg4# 0-1

[Event "Level op-A 8th"]
[Site "Level"]
[Date "2022.09.10"]
[Round "5"]
[White "Horvath, Tibor"]
[Black "Onodi, Miklos"]
[Result "0-1"]
[WhiteElo "1846"]
[BlackElo "1731"]
[PlyCount "72"]
[EventDate "2022.09.09"]
[EventType "swiss"]
[EventRounds "7"]
[EventCountry "HUN"]
[SourceTitle "EXT 2023"]
[Source "ChessBase"]
[SourceDate "2022.10.05"]
[SourceVersion "1"]
[SourceVersionDate "2022.10.05"]
[SourceQuality "1"]

1. d4 d5 2. c4 c6 3. Nf3 Nf6 4. Nc3 dxc4 5. a4 Bf5 6. Ne5 Nbd7 7. Nxc4 Qc7 8. f3 e5 9. e4 exd4 10. Ne2 Bg6 11. Nxd4 Ne5 12. Qb3 Bc5 13. Be3 0-0 14. Ne6 fxe6 15. Bxc5 Rfd8 16. Qc3 Nxc4 17. Bxc4 Bxe4 18. fxe4 Nxe4 19. Qe3 Nxc5 20. Qxc5 Qf4 21. Rd1 Qe4+ 22. Be2 Rxd1+ 23. Kxd1 Qb1+ 24. Kd2 Rd8+ 25. Kc3 Qxh1 26. Qe7 Qc1+ 27. Kb3 Qe3+ 28. Ka2 Rf8 29. Bc4 Qf4 30. Bxe6+ Kh8 31. Bb3 b5 32. axb5 cxb5 33. g3 Qf6 34. Qxa7 Qf3 35. Qg1 Ra8+ 36. Kb1 Qxb3 0-1

[Event "HUN-ch U10"]
[Site "Tapolca"]
[Date "2020.08.19"]
[Round "7"]
[White "Bod, Marton"]
[Black "Onodi, Miklos"]
[Result "0-1"]
[WhiteElo "1279"]
[BlackElo "1682"]
[PlyCount "92"]
[EventDate "2020.08.15"]
[EventType "swiss"]
[EventRounds "7"]
[EventCountry "HUN"]
[SourceTitle "EXT 2023"]
[Source "ChessBase"]
[SourceDate "2022.10.05"]
[SourceVersion "1"]
[SourceVersionDate "2022.10.05"]
[SourceQuality "1"]
[WhiteTeam "Hungary"]
[BlackTeam "Hungary"]
[WhiteTeamCountry "HUN"]
[BlackTeamCountry "HUN"]

1. e4 d5 2. exd5 Nf6 3. Bb5+ Bd7 4. Bc4 b5 5. Bb3 a5 6. a3 Bf5 7. Qe2 Qd7 8. c4 a4 9. Ba2 bxc4 10. Qxc4 Be4 11. f3 Bxd5 12. Qe2 c5 13. Nc3 Nc6 14. Qb5 e6 15. Bxd5 Nxd5 16. Nxa4 Ra5 17. Qb3 Nd4 18. Qb8+ Qd8 19. Qxd8+ Kxd8 20. Nc3 Nxc3 21. dxc3 Nc2+ 22. Kd2 Nxa1 23. Kd3 Nb3 24. Be3 Ra4 25. Ne2 c4+ 26. Kc2 Bc5 27. Rd1+ Ke7 28. Nd4 Bxd4 29. cxd4 Rd8 30. Kc3 Rd5 31. f4 f6 32. g4 Kd7 33. h4 e5 34. fxe5 fxe5 35. h5 exd4+ 36. Kc2 Kc6 37. Bf4 Nc5 38. g5 d3+ 39. Kb1 Rd4 40. g6 Rxf4 41. gxh7 Rf8 42. Rg1 Nb3 43. Rg6+ Kd5 44. Rg5+ Ke4 45. Rxg7 Rf1+ 46. Ka2 Ra1# 0-1

[Event "HUN-ch U10"]
[Site "Tapolca"]
[Date "2020.08.15"]
[Round "1"]
[White "Onodi, Miklos"]
[Black "Horvath, Andras2222"]
[Result "1-0"]
[WhiteElo "1682"]
[BlackElo "1160"]
[PlyCount "57"]
[EventDate "2020.08.15"]
[EventType "swiss"]
[EventRounds "7"]
[EventCountry "HUN"]
[SourceTitle "EXT 2023"]
[Source "ChessBase"]
[SourceDate "2022.10.05"]
[SourceVersion "1"]
[SourceVersionDate "2022.10.05"]
[SourceQuality "1"]
[WhiteTeam "Hungary"]
[BlackTeam "Hungary"]
[WhiteTeamCountry "HUN"]
[BlackTeamCountry "HUN"]

1. d4 d5 2. Bf4 Nf6 3. e3 Bf5 4. c4 e6 5. Nc3 Nc6 6. a3 a6 7. Nf3 Bd6 8. Bg3 0-0 9. Bd3 dxc4 10. Bxc4 Qe7 11. Ne5 Rad8 12. Nxc6 bxc6 13. Bxa6 c5 14. Ne2 Ne4 15. 0-0 Qf6 16. Qc1 Bxg3 17. hxg3 cxd4 18. Nxd4 e5 19. Nxf5 Qxf5 20. Qxc7 Rd2 21. f3 Nxg3 22. Rf2 Rxf2 23. Kxf2 Ne4+ 24. Kg1 Ng3 25. Rd1 h6 26. Rd8 Qb1+ 27. Kh2 Rxd8 28. Qxd8+ Kh7 29. Bd3+ 1-0